| 000 | 00542nam a22001817a 4500 | ||
|---|---|---|---|
| 003 | CEME | ||
| 005 | 20210628205236.0 | ||
| 008 | 210223b xxu||||| |||| 00| 0 eng d | ||
| 020 | _a0-07-023613-5 | ||
| 040 | _c. | ||
| 082 | _a629.89203 GIB'M | ||
| 100 |
_aGibilisco, Ston. _974539 |
||
| 245 | _aThe mcgraw hill illustrated encyclopedia of robotics artificial intelligence | ||
| 260 |
_aNEWYORK _bMCGRAW HILL _c1994 |
||
| 300 | _aIX,420P | ||
| 650 |
_aARTIFICIAL INTELLIGENCE ENCYCLOPEDIA ROBOTICS ENCYCLOPEDIA _974540 |
||
| 942 |
_cBK _2ddc |
||
| 999 |
_c580060 _d580060 |
||